• 首页
  • 本馆介绍
  • 公告通知
  • 最新文献
  • 馆藏检索
  • 电子资源
  • 读者导购
  • 参考咨询
  • 我的图书馆
  • 登录
  • 详细信息显示
  • 放入我的书架
  • 预约/预借图书
  • 作者相关作品
  • 分类相关作品
  • 丛书相关作品
  • 出版社相关作品

书目信息

  • 表格格式
  • 工作单格式
  • 卡片格式
题名:
约翰·汤普森现代钢琴教程
    
 
作者: 汤普森 , 汤普森 编著
分册: 3  
出版信息: 上海   上海音乐出版社  2016
页数: 90页
开本: 31cm
丛书名:
单 册:
中图分类: J624.16
科图分类:
主题词: 钢琴--奏法--教材
电子资源:
ISBN: 978-7-5523-1033-7
000 01160nam0 2200301 450
001 2274867158
005 20221017090128.74
010    @a978-7-5523-1033-7@dCNY40.00
100    @a20181129d2016 em y0chiy50 ea
101 1  @achi@ceng
102    @aCN@b310000
105    @aag z 000yy
200 1  @a约翰·汤普森现代钢琴教程@9yue han · tang pu sen xian dai gang qin jiao cheng@f汤普森编著@FTang Pu Sen Bian Zhu@h3
210    @a上海@c上海音乐出版社@d2016
215    @a90页@c图@d31cm
300    @a原版引进
305    @a美国威利斯音乐出版公司提供版权
306    @a封面出版者题:上海音乐出版社 上海文艺音像电子出版社
312    @a封面英文题名:John Thompson's modern course for the piano. 3
314    @a版权页题:(美)汤普森编著
330    @a本书收录了《没人知道我的痛苦》《旋律》《风笛舞曲》《斗牛士之歌》《伦敦德里小调》《女巫之舞》等钢琴曲。
510 1  @aJohn Thompson's modern course for the piano@h3@zeng
606 0  @a钢琴@x奏法@j教材
690    @aJ624.16@v5
701  0 @c(美)@a汤普森@9tang pu sen@c(Thompson, John@f1889-1963)@4编著
701  0 @a汤普森@ATang Pu Sen@4编著
801  0 @aCN@b91MARC@c20181129
905    @aZUCC@dJ624.16@e16:3
    
    约翰·汤普森现代钢琴教程/汤普森编著.3.-上海:上海音乐出版社,2016
    90页:图;31cm
    原版引进
    
    ISBN 978-7-5523-1033-7:CNY40.00
    本书收录了《没人知道我的痛苦》《旋律》《风笛舞曲》《斗牛士之歌》《伦敦德里小调》《女巫之舞》等钢琴曲。
●
相关链接 在五车中查询图书 在当当中查询图书 在豆瓣中查询图书


正题名:约翰·汤普森现代钢琴教程     索取号:J624.16/16:3         预约/预借

序号 登录号 条形码 馆藏地/架位号 状态 备注
1 2000898952   2000898952   第三书库/ [索取号:J624.16/16:3] 在馆    
2 2000898953   2000898953   第三书库/ [索取号:J624.16/16:3] 在馆    
3 2000898954   2000898954   第三书库/ [索取号:J624.16/16:3] 在馆    
山东省滨州职业学院图书馆 欢迎您!
大连网信软件有限公司© 版权所有